000 01226naa a22003137a 4500
001 BR7902598
003 BR-BrBNA
005 20250714163000.0
007 ta
008 250630b bl.|||m| |||| 00| 0 por d
040 _aBR-BrBNA
_bpor
_cBiblioteca Nacional de Agricultura
041 _a(Pt)
072 _aF00; F60; F30
_b0490
_bG514
090 _aF00 BR7902598
100 1 _aMuzilli, O.
245 1 _aRami, situacao e perspectivas da cultura [Boehmeria nivea, pratica cultural, melhoramento genetico vegetal, fisiologia vegetal, nutricao vegetal, praga de planta, doenca de planta, comercializacao, Parana, Brasil]
500 _aManual agropecuario para o Parana Londrina, PR (Brasil): 1978. p. 331-348 [8 illus.; 7 ref.] (BR7902598-AMS)
773 0 _tManual agropecuario para o Parana
_wF00 BR7902598
_gLondrina, PR (Brasil), 1978. p. 331-348
650 _aFISIOLOGIA VEGETAL
650 _aRAMI
650 _aCOLHEITA
650 _aPRATICA CULTURAL
650 _aNUTRICAO VEGETAL
650 _aGENETICA VEGETAL
650 _aPARANA
490 _aManual Agropecuario para o Parana - Fundacao Instituto Agronomico do Parana (Brazil)
_vv. 2
942 _cAMS
_2AGRIS
909 _a202506
_bLúcia
_c55
_dLúcia Elande
999 _c333275
_d333275